| 000 | 00619nam a2200241Ia 4500 | ||
|---|---|---|---|
| 003 | OSt | ||
| 005 | 20220928104731.0 | ||
| 006 | a|||||r|||| 00| 0 | ||
| 007 | ta | ||
| 008 | 220927b |||||||| |||| 00| 0 eng d | ||
| 024 | _a67098 | ||
| 037 | _cTextual | ||
| 040 |
_aSDCL _cSDCL _beng |
||
| 041 |
_2eng _aeng |
||
| 082 | _aX:8, P5 | ||
| 100 |
_aSiddiqui Moid _9411730 |
||
| 245 | 0 |
_aCorporate soul _bMonk within the manager |
|
| 260 |
_aNew Delhi _bResponse Books _c2005 |
||
| 300 |
_a300p _ccm. |
||
| 650 | _aManagement | ||
| 942 |
_hX:8, P5 _cTEXL _2CC |
||
| 999 |
_c727442 _d727442 |
||